[Event "Reykjavik op 23rd"]
[Site "Reykjavik"]
[Date "2008.03.11"]
[Round "9"]
[White "Vigfusson, Vigfus Odon"]
[Black "Gueneau, Christophe"]
[Result "0-1"]
[WhiteElo "2052"]
[BlackElo "2126"]
[PlyCount "40"]
[EventDate "2008.03.03"]
[EventType "swiss"]
[EventRounds "9"]
[EventCountry "ISL"]
[SourceTitle "CBM 123 Extra"]
[Source "ChessBase"]
[SourceDate "2008.05.06"]
[SourceVersion "1"]
[SourceVersionDate "2008.05.06"]
[SourceQuality "1"]

1. e4 e5 2. Nf3 Nf6 3. Nc3 Nc6 4. d4 exd4 5. Nxd4 Bb4 6. Nxc6 bxc6 7. Bd3 d5 8. exd5 cxd5 9. 0-0 0-0 10. Bg5 c6 11. Qf3 Be7 12. Rae1 Be6 13. Qg3 Rb8 14. f4 Rb4 15. a3 Rxb2 16. Qh4 h6 17. Rxe6 fxe6 18. Bxh6 gxh6 19. Qxh6 Rf7 20. Rf3 Qf8 0-1

[Event "Reykjavik op 23rd"]
[Site "Reykjavik"]
[Date "2008.03.04"]
[Round "2"]
[White "Johannesson, Ingvar Thor"]
[Black "Gueneau, Christophe"]
[Result "1-0"]
[WhiteElo "2338"]
[BlackElo "2126"]
[PlyCount "77"]
[EventDate "2008.03.03"]
[EventType "swiss"]
[EventRounds "9"]
[EventCountry "ISL"]
[SourceTitle "CBM 123 Extra"]
[Source "ChessBase"]
[SourceDate "2008.05.06"]
[SourceVersion "1"]
[SourceVersionDate "2008.05.06"]
[SourceQuality "1"]

1. d4 Nf6 2. c4 e6 3. Nf3 d5 4. g3 Bb4+ 5. Bd2 Bxd2+ 6. Nbxd2 Nc6 7. Bg2 0-0 8. 0-0 Qe7 9. Rc1 Rd8 10. e3 Bd7 11. a3 a5 12. Ne5 Be8 13. f4 Rac8 14. g4 Nxe5 15. fxe5 Nd7 16. c5 a4 17. Qf3 Nf8 18. Qg3 Ng6 19. g5 Bb5 20. Rf2 b6 21. h4 bxc5 22. Rxc5 Be8 23. Nf1 Rb8 24. Nh2 Rb3 25. Ng4 Rdb8 26. Rcc2 c5 27. Rxc5 Qb7 28. Rcc2 Ne7 29. h5 Nf5 30. Rxf5 exf5 31. Nf6+ Kh8 32. h6 g6 33. Bxd5 Qb6 34. Bxb3 Qxb3 35. Rd2 Rc8 36. e6 Rc1+ 37. Kh2 Qxe6 38. Qe5 Bc6 39. Qb8+ 1-0

[Event "Cattolica op-B 3rd"]
[Site "Cattolica"]
[Date "2007.05.13"]
[Round "4"]
[White "Gueneau, Christophe"]
[Black "Battisti, Eugenio"]
[Result "1/2-1/2"]
[WhiteElo "2126"]
[BlackElo "2033"]
[PlyCount "31"]
[EventDate "2007.05.11"]
[EventType "swiss"]
[EventRounds "5"]
[EventCountry "ITA"]
[SourceTitle "EXT 2024"]
[Source "ChessBase"]
[SourceDate "2023.10.10"]
[SourceVersion "1"]
[SourceVersionDate "2023.10.10"]
[SourceQuality "1"]

1. c4 Nf6 2. Nc3 e6 3. Nf3 d5 4. d4 Bb4 5. e3 Nc6 6. Bd3 dxc4 7. Bxc4 a6 8. 0-0 0-0 9. Qe2 Bd6 10. Rd1 b5 11. Bb3 Qe8 12. e4 e5 13. Bg5 Nd7 14. Rac1 Bb7 15. dxe5 Ncxe5 16. h4 1/2-1/2

[Event "FRA-ch Accession"]
[Site "Aix les Bains"]
[Date "2003.08.29"]
[Round "5"]
[White "Housieaux, David"]
[Black "Gueneau, Christophe"]
[Result "1/2-1/2"]
[WhiteElo "2366"]
[BlackElo "2097"]
[PlyCount "41"]
[EventDate "2003.08.19"]
[EventType "swiss"]
[EventRounds "11"]
[EventCountry "FRA"]
[SourceTitle "EXT 2004"]
[Source "ChessBase"]
[SourceDate "2003.11.25"]
[SourceVersion "1"]
[SourceVersionDate "2003.11.25"]
[SourceQuality "1"]

1. Nf3 Nf6 2. c4 e6 3. Nc3 d5 4. d4 Be7 5. Bg5 h6 6. Bh4 0-0 7. e3 Ne4 8. Bxe7 Qxe7 9. Qc2 Nxc3 10. Qxc3 dxc4 11. Bxc4 b6 12. 0-0 Bb7 13. Be2 c5 14. dxc5 Rc8 15. b4 bxc5 16. b5 a6 17. a4 axb5 18. axb5 Nd7 19. Rxa8 Rxa8 20. Ra1 Rxa1+ 21. Qxa1 1/2-1/2

[Event "FRA-ch Accession"]
[Site "Aix les Bains"]
[Date "2003.08.20"]
[Round "1"]
[White "De Marchi, Olivier"]
[Black "Gueneau, Christophe"]
[Result "1/2-1/2"]
[WhiteElo "2248"]
[BlackElo "2097"]
[PlyCount "54"]
[EventDate "2003.08.19"]
[EventType "swiss"]
[EventRounds "11"]
[EventCountry "FRA"]
[SourceTitle "EXT 2004"]
[Source "ChessBase"]
[SourceDate "2003.11.25"]
[SourceVersion "1"]
[SourceVersionDate "2003.11.25"]
[SourceQuality "1"]

1. d4 e6 2. c4 Nf6 3. g3 Bb4+ 4. Bd2 c5 5. Bxb4 cxb4 6. Bg2 0-0 7. e4 d5 8. e5 Ne8 9. cxd5 exd5 10. Ne2 Nc6 11. 0-0 Bf5 12. h3 Nc7 13. g4 Be4 14. f3 Bxb1 15. Rxb1 Ne6 16. f4 Nexd4 17. Nxd4 Qb6 18. Kh1 Nxd4 19. Qd2 Nc6 20. Rbe1 Rad8 21. g5 Rfe8 22. Qd3 Qd4 23. Qb3 Qc4 24. Qg3 Qxa2 25. Rf2 Qc4 26. f5 Qd4 27. Rfe2 Qc5 1/2-1/2

[Event "FRA-ch Accession"]
[Site "Aix les Bains"]
[Date "2003.08.19"]
[Round "3"]
[White "Bianchi, Guillaume"]
[Black "Gueneau, Christophe"]
[Result "1/2-1/2"]
[WhiteElo "2231"]
[BlackElo "2489"]
[PlyCount "50"]
[EventDate "2003.08.19"]
[EventType "swiss"]
[EventRounds "11"]
[EventCountry "FRA"]
[SourceTitle "EXT 2004"]
[Source "ChessBase"]
[SourceDate "2003.11.25"]
[SourceVersion "1"]
[SourceVersionDate "2003.11.25"]
[SourceQuality "1"]

1. d4 e6 2. c4 d5 3. Nc3 Nf6 4. cxd5 exd5 5. Bg5 Be7 6. Qc2 Nbd7 7. e3 0-0 8. Bd3 Re8 9. Nge2 Nf8 10. 0-0 c6 11. f3 Ng6 12. Rad1 Nh5 13. Bxg6 hxg6 14. Bxe7 Qxe7 15. e4 dxe4 16. fxe4 Bg4 17. Kh1 Rad8 18. a3 Qh4 19. Kg1 Rd7 20. Rf2 Qg5 21. Qd3 Re6 22. Rdf1 Rf6 23. Rxf6 gxf6 24. h3 Bxe2 25. Nxe2 Ng7 1/2-1/2

[Event "Lisbon op"]
[Site "Lisbon"]
[Date "2001.08.22"]
[Round "2"]
[White "Marino, Olivier"]
[Black "Gueneau, Christophe"]
[Result "1-0"]
[WhiteElo "2034"]
[BlackElo "2127"]
[PlyCount "95"]
[EventDate "2001.08.21"]
[EventType "swiss"]
[EventRounds "9"]
[EventCountry "POR"]
[SourceTitle "EXT 2002"]
[Source "ChessBase"]
[SourceDate "2001.11.25"]
[SourceVersion "1"]
[SourceVersionDate "2001.11.25"]
[SourceQuality "1"]

1. e4 e5 2. Nf3 Nf6 3. Nxe5 d6 4. Nf3 Nxe4 5. d4 d5 6. Bd3 Bd6 7. 0-0 0-0 8. c4 c6 9. Nc3 Nxc3 10. bxc3 Bg4 11. Re1 dxc4 12. Bxc4 Nd7 13. Qd3 Qa5 14. Ng5 Nf6 15. f3 Bh5 16. Ne4 Be7 17. Bg5 Qd8 18. Bxf6 Bxf6 19. Nxf6+ Qxf6 20. Qe4 b5 21. Bb3 Rad8 22. Qe5 Qxe5 23. Rxe5 Bg6 24. Rae1 b4 25. cxb4 Rxd4 26. Re7 Rxb4 27. Rxa7 Bd3 28. Rxf7 Bc4 29. Rxf8+ Kxf8 30. Re4 Rxb3 31. axb3 Bxb3 32. Rb4 Bd5 33. Rb7 h6 34. Kf2 Kg8 35. f4 Kh7 36. f5 Kg8 37. g4 Kf8 38. h4 Kg8 39. Ke3 Kf8 40. Kf4 Kg8 41. g5 hxg5+ 42. hxg5 Kh8 43. Rc7 c5 44. Rc8+ Kh7 45. Rxc5 Bb3 46. Rc8 Bg8 47. Ke5 Kh8 48. Rf8 1-0

[Event "AJEC-ch fin email"]
[Site "France"]
[Date "2001.??.??"]
[Round "?"]
[White "Gueneau, Christophe"]
[Black "Benatar, Eric"]
[Result "1-0"]
[WhiteElo "2197"]
[BlackElo "2360"]
[PlyCount "131"]
[EventDate "2001.??.??"]
[EventType "tourn (corr)"]
[EventRounds "15"]
[EventCountry "FRA"]
[SourceTitle "Corr 2004"]
[Source "ChessBase"]
[SourceDate "2003.04.28"]
[SourceVersion "3"]
[SourceVersionDate "2003.04.28"]
[SourceQuality "1"]

1. e4 c5 2. d4 cxd4 3. Nf3 d6 4. Nxd4 Nf6 5. Nc3 a6 6. Bg5 e6 7. f4 Be7 8. Qf3 Qc7 9. 0-0-0 Nbd7 10. g4 b5 11. Bxf6 Nxf6 12. g5 Nd7 13. f5 Nc5 14. f6 gxf6 15. gxf6 Bf8 16. Rg1 b4 17. Nd5 exd5 18. exd5 Nd7 19. Nc6 Bb7 20. Bh3 Ne5 21. Rge1 Bxc6 22. dxc6 Bh6+ 23. Kb1 Bg5 24. Rxe5+ dxe5 25. Qh5 Bxf6 26. Rd7 Qxd7 27. Bxd7+ Ke7 28. Qg4 a5 29. Qc4 Kd6 30. Bg4 Rhg8 31. Qxf7 Bh8 32. Qd7+ Kc5 33. c7 e4 34. c8Q+ Raxc8 35. Qa7+ Kd6 36. Bxc8 Rxc8 37. Qa6+ Kd7 38. Qb7+ Rc7 39. Qd5+ Ke7 40. Qxa5 Rd7 41. Qxb4+ Kf7 42. Qc4+ Kf8 43. Qc8+ Ke7 44. c3 Be5 45. Qc5+ Kf6 46. Qc6+ Rd6 47. Qxe4 Rd1+ 48. Kc2 Rf1 49. Qc6+ Ke7 50. Qb7+ Kf8 51. Qxh7 Rf7 52. Qxf7+ Kxf7 53. h3 Bg3 54. a4 Bf2 55. a5 Ke7 56. a6 Kd6 57. c4 Kc6 58. b4 Be1 59. b5+ Kb6 60. Kd3 Bg3 61. Ke4 Bf2 62. Kd5 Ka7 63. c5 Bg3 64. Ke6 Be1 65. Kd7 Ba5 66. c6 1-0

[Event "AJEC-ch fin email"]
[Site "France"]
[Date "2001.??.??"]
[Round "?"]
[White "Gueneau, Christophe"]
[Black "Cavril, Stephane"]
[Result "1-0"]
[WhiteElo "2197"]
[BlackElo "2301"]
[PlyCount "107"]
[EventDate "2001.??.??"]
[EventType "tourn (corr)"]
[EventRounds "15"]
[EventCountry "FRA"]
[SourceTitle "Corr 2004"]
[Source "ChessBase"]
[SourceDate "2003.04.28"]
[SourceVersion "3"]
[SourceVersionDate "2003.04.28"]
[SourceQuality "1"]

1. e4 c6 2. d4 d5 3. Nd2 dxe4 4. Nxe4 Nd7 5. Ng5 Ngf6 6. Bd3 e6 7. N1f3 Bd6 8. Qe2 h6 9. Ne4 Nxe4 10. Qxe4 Nf6 11. Qe2 Qc7 12. Bd2 0-0 13. 0-0-0 Rd8 14. Kb1 c5 15. dxc5 Bxc5 16. Rhg1 Ng4 17. Ng5 Rxd3 18. cxd3 Nxf2 19. Rc1 Qd6 20. Rxc5 Qxc5 21. Nxf7 Qd4 22. Bc3 Qxd3+ 23. Qxd3 Nxd3 24. Nd6 b6 25. Rf1 e5 26. Kc2 Ba6 27. Rf7 Rd8 28. Rxa7 Rxd6 29. Rxa6 e4 30. Ra8+ Kh7 31. Ra7 Rg6 32. g3 Nf2 33. Bd4 Ng4 34. h4 Nh2 35. Re7 b5 36. Rxe4 Rxg3 37. Bc3 Nf1 38. Re5 b4 39. Be1 Rh3 40. Re4 b3+ 41. axb3 Ne3+ 42. Kc1 Ng2 43. Bc3 Nxh4 44. b4 Nf5 45. b5 Rd3 46. b6 Rd7 47. Re5 Kg6 48. Rc5 Rb7 49. Rc6+ Kh5 50. Kd2 g5 51. Kd3 g4 52. Ke4 Ng3+ 53. Kd5 Nf5 54. Kc5 1-0

[Event "AJEC-ch fin email"]
[Site "France"]
[Date "2001.??.??"]
[Round "?"]
[White "Gueneau, Christophe"]
[Black "Le Duigou, Jean Guy"]
[Result "1-0"]
[WhiteElo "2197"]
[BlackElo "2250"]
[PlyCount "31"]
[EventDate "2001.??.??"]
[EventType "tourn (corr)"]
[EventRounds "15"]
[EventCountry "FRA"]
[SourceTitle "Corr 2004"]
[Source "ChessBase"]
[SourceDate "2003.04.28"]
[SourceVersion "3"]
[SourceVersionDate "2003.04.28"]
[SourceQuality "1"]

1. e4 c5 2. d4 cxd4 3. Nf3 e6 4. c3 dxc3 5. Nxc3 Nc6 6. Bc4 a6 7. 0-0 Nge7 8. Bg5 Qc7 9. Bb3 b5 10. Rc1 Bb7 11. Qd2 Ng6 12. Nd5 exd5 13. exd5 Be7 14. Rfe1 f6 15. d6 Qa5 16. Qd5 1-0

[Event "AJEC-ch fin email"]
[Site "France"]
[Date "2001.??.??"]
[Round "?"]
[White "Muneret, Maurice"]
[Black "Gueneau, Christophe"]
[Result "1/2-1/2"]
[WhiteElo "2144"]
[BlackElo "2197"]
[PlyCount "82"]
[EventDate "2001.??.??"]
[EventType "tourn (corr)"]
[EventRounds "15"]
[EventCountry "FRA"]
[SourceTitle "Corr 2004"]
[Source "ChessBase"]
[SourceDate "2003.04.28"]
[SourceVersion "3"]
[SourceVersionDate "2003.04.28"]
[SourceQuality "1"]

1. e4 e5 2. Nf3 Nf6 3. Nxe5 d6 4. Nf3 Nxe4 5. d4 d5 6. Bd3 Bd6 7. 0-0 0-0 8. c4 c6 9. cxd5 cxd5 10. Nc3 Nxc3 11. bxc3 Bg4 12. Rb1 Nd7 13. h3 Bh5 14. Rb5 Nb6 15. c4 Bxf3 16. Qxf3 dxc4 17. Bc2 Qd7 18. a4 g6 19. Be3 Rac8 20. Rfb1 c3 21. a5 Nc4 22. Rxb7 Qe6 23. Bb3 Qf5 24. Qxf5 gxf5 25. Ra1 Nd2 26. g3 Nxb3 27. Rxb3 c2 28. Rb2 f4 29. gxf4 Rc3 30. Rc1 Rfc8 31. Bd2 R3c4 32. Ra2 f5 33. Kf1 Kf7 34. Ke2 Ke6 35. Kd3 Kd5 36. Raxc2 Rxc2 37. Rxc2 Rxc2 38. Kxc2 a6 39. Kd3 Be7 40. f3 Bd6 41. Be1 Be7 1/2-1/2

[Event "FRA-chT"]
[Site "France"]
[Date "1998.02.08"]
[Round "3"]
[White "Renet, Olivier"]
[Black "Gueneau, Christophe"]
[Result "1-0"]
[WhiteElo "2490"]
[BlackElo "2175"]
[PlyCount "37"]
[EventDate "1998.02.06"]
[EventType "team"]
[EventRounds "11"]
[EventCountry "FRA"]
[SourceTitle "CBM 064 Extra"]
[Source "ChessBase"]
[SourceDate "1998.07.07"]
[SourceVersion "1"]
[SourceVersionDate "1998.07.07"]
[SourceQuality "1"]

1. e4 e5 2. Nf3 Nf6 3. Nxe5 d6 4. Nf3 Nxe4 5. d4 d5 6. Bd3 Nc6 7. 0-0 Bg4 8. c4 Nf6 9. cxd5 Bxf3 10. Qxf3 Qxd5 11. Re1+ Be7 12. Qxd5 Nxd5 13. Nc3 Ncb4 14. Be4 c6 15. a3 Nxc3 16. bxc3 Nd5 17. Rb1 Nb6 18. a4 f5 19. Bf3 1-0

[Event "Lloyds Bank op 18th"]
[Site "London"]
[Date "1994.??.??"]
[Round "8"]
[White "Cobb, James"]
[Black "Gueneau, Christophe"]
[Result "1-0"]
[WhiteElo "2240"]
[BlackElo "2205"]
[PlyCount "67"]
[EventDate "1994.08.??"]
[EventType "swiss"]
[EventRounds "10"]
[EventCountry "ENG"]
[SourceTitle "EXT 2000"]
[Source "ChessBase"]
[SourceDate "1999.11.16"]
[SourceVersion "1"]
[SourceVersionDate "1999.11.16"]
[SourceQuality "1"]

1. e4 e5 2. Nf3 Nc6 3. Bb5 a6 4. Ba4 Nf6 5. 0-0 Be7 6. Re1 b5 7. Bb3 d6 8. c3 0-0 9. d4 Bg4 10. Be3 Qd7 11. Nbd2 Rfe8 12. h3 Bh5 13. Bc2 Bg6 14. Bg5 Nh5 15. Nf1 exd4 16. cxd4 Bxg5 17. Nxg5 h6 18. Nf3 Nf6 19. Ng3 Bh7 20. Qd2 Rad8 21. Rac1 Ne7 22. Bb3 c6 23. e5 Nfd5 24. Ne4 Bxe4 25. Rxe4 Ng6 26. Rce1 dxe5 27. dxe5 Qf5 28. Nd4 Qc8 29. e6 f6 30. e7 Rd7 31. Rg4 Ne5 32. Rxe5 fxe5 33. Qxh6 Rdxe7 34. Nxc6 1-0